Index General des Bulletins du Comite Geologiove 1882-1914; Известия геологического комитета

Détails bibliographiques
Parent link:Известия геологического комитета: журнал. Index General des Bulletins du Comite Geologiove 1882-1914.— , 1982-1891, 1896-1924, 1926-1930
Langue:russe
Publié: 1915
Format: Livre
KOHA link:https://koha.lib.tpu.ru/cgi-bin/koha/opac-detail.pl?biblionumber=570703

MARC

LEADER 00000nam2a2200000 4500
001 570703
005 20231101125055.0
035 |a (RuTPU)RU\TPU\prd\268341 
035 |a RU\TPU\prd\267550 
090 |a 570703 
100 |a 20161223c19151930k y0rusy50 ca 
101 0 |a rus 
102 |a RU 
200 0 |a Index General des Bulletins du Comite Geologiove 1882-1914 
210 |d 1915 
461 1 |0 (RuTPU)RU\TPU\prd\1189  |t Известия геологического комитета  |o журнал  |v Index General des Bulletins du Comite Geologiove 1882-1914  |d 1982-1891, 1896-1924, 1926-1930 
801 0 |a RU  |b 63413507  |c 20010227  |g PSBO 
801 1 |a RU  |b 63413507  |c 20020228  |g PSBO 
801 2 |a RU  |b 63413507  |c 20161223  |g PSBO 
942 |c BK 
999 |a НТБ_ТПУ  |b РФ  |e -19/20160111  |p П-774  |u 0  |v 1